| 000 | 00487ntaaa2200193 4500 | ||
|---|---|---|---|
| 003 | 01 | ||
| 005 | 20251027201829.0 | ||
| 008 | 0714s1973 ag 01 | ||
| 040 |
_aAR-BaBN _bspa _cAR-BaBN _eaacr _dRIC |
||
| 082 | _a244.0000 Sh4 | ||
| 100 | _aSheldon, Charles M. | ||
| 245 | _aEn sus pasos o qué haría Jesús? | ||
| 250 | _a1 ed. | ||
| 260 |
_aBuenos Aires : _bImprenta Metodista, _c1923 |
||
| 300 | _a271 p | ||
| 650 | _anovelas religiosas | ||
| 650 | _avida cristiana | ||
| 942 | _cBK | ||
| 999 |
_c13000 _d13000 |
||